000 00632nam a22002297a 4500
003 UA-OsUOA
001 79231
007 ta
008 20111107b un ||||| |||| 00| 0 ukr d
100 _aБуссенар Л.
090 _a821.161.1
_bБ92
942 _cBK
040 _aUA-OsUOA
_brus
_cUA-OsUOA
_dUA-OsUOA
245 _aПохитители бриллиантов
_bроман. В 3-х ч.
300 _a382 с.
955 _a3
041 _arus
080 _a821.161.1
260 _aМинск
_bБеларусь
_c1982
650 7 _a82 Література. Літературознавство
_2UDC
999 _c365543
_d365543